00708nam a2200241 a 4500001001300000003000900013005001700022008004100039020000900080082001900089100002200108245005200130260003100182300000900213500003500222505001400257650002500271700002200296902000800318942000700326952011800333999001500451nice12345678IN_TiNIC20260116012910.0050524s1983 dela grp 000 0 eng  ac3000a909.04297bSAB aSabai Al, Mustafa aSome Glittering Aspects of Islamic Civilization aDelhibHindustan Pubc1983 a264p aincludes index and biblioraphy2 aReference aCivilization-Islamic1 aSabai Al, Mustafa bSRS cBK 001040708StackRoom-aHMIbHMId2007-10-29g30.00l0o909.04297 SABp011972r2007-10-29v30.00w2005-05-24yBK c8809d8809